| 000 | 00854cab a22001935a 4500 | ||
|---|---|---|---|
| 001 | L151218 | ||
| 008 | 101007e20100911xxk 000 0 eng d | ||
| 035 | _a(Sirsi) u151218 | ||
| 041 | 0 | _aeng | |
| 100 | 1 | _aMclean, Simon | |
| 245 | 0 | 0 | _aReasonable adjustments |
| 260 | _c2010 | ||
| 490 |
_aEstates Gazette _v11 September 2010, 116-117(2) |
||
| 520 | _aService providers statutory obligations relating to disability discrimination. Disability Discrimination Act 1995 provides the framework for fair access to buildings and stipulates a number of adjustments to render them compliant. These include changing procedures or policies that make it impossible for disabled people to use a service. | ||
| 590 | _aKA | ||
| 651 | 4 |
_aEngland and Wales _y1543- |
|
| 690 | _aMANAGEMENT-BUSINESS MANAGEMENT-DISCRIMINATION-DISABILITY DISCRIMINATION | ||
| 942 | _n0 | ||
| 999 |
_c82735 _d82735 |
||